000 00737nam a2200289Ia 4500
005 20260324112640.0
008 008 260324s9999 xx 000 0 eng d
020 _a9781003542735
037 _aEBOOK
040 _aCRL
040 _beng
040 _cCRL
041 _2eng
041 _aeng
084 _qCRL
100 _aA. Vadivel; K. Meena; P. Sumathy; Henry Selvaraj; P. Shanmugavadivu; Shaila S. G.
_91143574
245 0 _aInteractive and Dynamic Dashboard
245 0 _bDesign Principles
260 _bTaylor and Francis
260 _c2024
365 _a
365 _b260
856 _uhttp://www.taylorfrancis.com/books/9781003542735
942 _cEBOOK
999 _c1732862
_d1732862